MDQL
is popping MORE tags! Check the
thread
!
Quizzes
Events
Quiz Creation
Community
Videos
Private Events
Remove Ads
Sign In
Join for FREE
Feedback
Dark Mode
Quiz Categories
Sports
Geography
Music
Movies
Television
Just For Fun
Miscellaneous
History
Literature
Language
Science
Gaming
Entertainment
Religion
Holiday
For Kids
Quiz Lab
Recent
Popular Today
Quiz Kudos Today
Editor Picks
Curator Picks
Quizzes by...
Day
Popularity
Type
Ratings
Length
Year
Community
Subscriptions
Recent Discussions
Orange Saloon
Badges
Playlists
Quests
Create
Leaderboards
Showdown
Live 5
Trivia Bingo
Activity
Puzzle Library
Sporcle Events
Private Events
Virtual Trivia
Globe League
Become a Host
Pub Owners
SporcleCon
Opinionation
Our Games
Videos
Blog
Mobile Apps
Partnerships
Remove Ads and Go Orange
Feedback
Geography
Country
Landmarks
City
State
Population
World
Capital
Continent
Flags
Europe
Africa
Asia
South America
North America
Oceania
Border
Canada
United Kingdom
Topography
United States
Geography
Country
Landmarks
City
State
Population
World
Capital
Continent
Flags
Europe
Africa
Asia
South America
North America
Oceania
Border
Canada
United Kingdom
Topography
United States
Random Quiz
Search Sporcle
×
Quiz Lab
Quiz Lab
Geography
Landmarks
Type in answers that appear in a list
Type in answers that appear in a list
Classic
Best Score? Go Orange.
New7 Wonders of Nature Finalists Stats
Can you name the New7 Wonders of Nature Finalists?
By
kylepanganiban_1
10m
28 Questions
6 Plays
6 Plays
6 Plays
Comments
Comments
Give Quiz Kudos
Give Quiz Kudos
-
- Ratings
hide this ad
Random Order
Randomize order of answers
Randomize order of answers
Replay
Link that replays current quiz
Next Quiz
Link to next quiz in quiz playlist
You Got
0%
They Got
Avg Score
16%
Avg Friend Score
Upgrade to see
Score Distribution
Jump to the score distribution portion of the page
Score
0/28
Timer
10:00
0
Plays Today
Country
Landmark
% Correct
Bolivia, Brazil, Colombia, Ecuador, French Guiana, Guyana, Peru, Suriname and Venezuela
Amazon
83.3%
Australia andPapua New Guinea
Great Barrier Reef
66.7%
Australia
Uluru
66.7%
Israel, Jordan and Palestine
Dead Sea
33.3%
United States
Grand Canyon
33.3%
Italy and Switzerland
Matterhorn
33.3%
Venezuela
Angel Falls
16.7%
Germany
Black Forest
16.7%
Ireland
Cliffs of Moher
16.7%
Ecuador
Galapagos
16.7%
Tanzania
Kilimanjaro
16.7%
Bangladesh and India
Sundarbans
16.7%
South Africa
Table Mountain
16.7%
Italy
Vesuvius
16.7%
Country
Landmark
% Correct
Canada
Bay of Fundy
0%
United Arab Emirates
Bu Tinah Island
0%
Puerto Rico
El Yunque
0%
Vietnam
Ha Long Bay
0%
Brazil and Argentina
Iguazu Falls
0%
Lebanon
Jeita Grotto
0%
South Korea
Jeju Island
0%
Indonesia
Komodo
0%
Maldives
Island of the Maldives
0%
Poland
Masurian Lake District
0%
New Zealand
Milford Sound
0%
Azerbaijan
Mud Volcanoes
0%
Philippines
Puerto Princesa Underground River
0%
Taiwan
Yushan
0%
Quiz Playlist
Details
Report
Send in Message
Add To Playlist
Classic:
Type in answers that appear in a list
Random Order:
Randomize order of answers
Quiz Source
Last Updated: Feb 16, 2017
Quiz Scoreboard
CHALLENGE
Sign Up to Join the Scoreboard
Show All
Scores
Hide
Comments
May contain spoilers
Recently Published
Holiday 10x10 Sorting Gallery
by lukepisani3
Holiday
15m
Two Season TV Shows II
by 123Four
Television
10m
Image Sorting: Flags VI
by Barbecue
Geography
2m
More to Explore
Quiz From the Vault
Featured Blog Post
14 Easter Pick-up Lines to Find Eggs With
hide this ad
You Might Also Like...
Tags
Landmarks Quiz
nature
Wonder
Today's Top Quizzes in Geography
Browse Geography
hide this ad
Today's Top Quizzes in Landmarks
Browse Landmarks
Top Contributed Quizzes in Geography
1
Colored Red Europe Blitz I
2
Countries of the World - No Outlines Minefield
3
Colored Red Africa Blitz II
4
Colored Red Europe Blitz II
5
Colored Red Europe Blitz III
6
Colored Red Africa Blitz III
7
Colored Red States Blitz I
8
Colored Red States Blitz II
9
A Different View: World Oceans
10
Colored Red States Blitz III
Explore More
Trending Topics
Harry Potter
Disney
Kpop
Crossword
Marvel
Anime
NBA
Pokémon
Soccer
WWE
Puzzle
NFL
The Office
Country
Song
hide this ad
More By:
kylepanganiban_1
Quiz
Plays
Rating
Category
Featured
Created
Provinces of the Philippines Clickable
2,370
3.25
Geography
Apr 23, 2012
Public Holidays in the Philippines
357
4.00
Holiday
Mar 1, 2012
Top 20 Asian Countries by Population
354
4.38
Geography
Nov 23, 2012
Most Populous Cities of the Philippines
337
4.50
Geography
Mar 9, 2012
Highly Urbanized Cities in Philippines
314
3.00
Geography
Nov 27, 2012
Go to Creator's Profile
Score Distribution
Quiz Creator Spotlight
kylepanganiban_1
Follow
Send a Message
Quizzes Created
-
Created Quiz Play Count
-
More By This Creator
Popular Quizzes Today
1
Find the US States - No Outlines Minefield
2
Colored Red Africa Blitz
3
Find the 'City' Movie
4
The Countries of the World
5
5x2 Blitz: Bands
6
Find the Countries of Europe - No Outlines Minefield
7
Find the US States
8
US States
More Geography Quizzes
French départements over 1 million people (map)
Quiz Lab
Trending Quizzes
Colored Red Europe Blitz I
Colored Red Africa Blitz II
Colored Red Europe Blitz II
Even More Two Season TV Shows
Colored Red Africa Blitz III
Recently Updated
Quick Pick: 20 Twenties
pecheneg
March Madness Men's Triple Doubles
pecheneg
How Do You Spell That?
pecheneg
Godzilla Movies
pecheneg
Grab Bag: 4-10 Letters
pecheneg
2024 March Madness Bracket
pecheneg
Famous TV Couples
Peacemaker
Champions League XIs: Real Madrid
pecheneg
Largest US Cities 1790-2010
pecheneg
Rides in Walt Disney World
pecheneg
Trending Topics
Harry Potter
Marvel
NBA
Anime
Kpop
Disney
Crossword
Song
Soccer
The Office
NFL
Pokémon
WWE
Country
Puzzle
Your Account Isn't Verified!
In order to create a playlist on Sporcle, you need to verify the email address you used during registration. Go to your
Sporcle Settings
to finish the process.
Report this User
Report this user for behavior that violates our
Community Guidelines
.
Details:
Send Report
Go to the Sporcle.com Mobile Site →
Comments